• 首页
  • 本馆介绍
  • 公告通知
  • 最新文献
  • 馆藏检索
  • 电子资源
  • 读者导购
  • 参考咨询
  • 我的图书馆
  • 登录
  • 详细信息显示
  • 放入我的书架
  • 预约/预借图书
  • 作者相关作品
  • 分类相关作品
  • 丛书相关作品
  • 出版社相关作品

书目信息

  • 表格格式
  • 工作单格式
  • 卡片格式
题名:
《说文》与中国古代科技
    
 
作者: 王平 著
分册:  
出版信息: 南宁   广西教育出版社  2001
页数: 317页
开本: 21cm
丛书名: 汉字研究新视野丛书
单 册:
中图分类: H161 , N092
科图分类:
主题词: 自然科学史--中国--古代 , CT--S099082--自然科学史
电子资源:
ISBN: 7-5435-3184-4
000 01194oam2 2200313 45
001 012001054132
005 20070730082016.98
010    @a7-5435-3184-4@b精装@dCNY30.00
100    @a20010724d2001 emky0chiy0110 ea
101 0  @achi@djpn@deng@ejpn@eeng
102    @aCN@b450000
105    @ay z 000yy
200 1  @a《说文》与中国古代科技@A《 shuo wen 》 yu zhong guo gu dai ke ji@f王平著
210    @a南宁@c广西教育出版社@d2001
215    @a317页@d21cm
225 2  @a汉字研究新视野丛书
300    @a国家“九五”重点图书
314    @a王平(女,1958~),山东诸城人,山东师范大学中文系副教授。著有《汉字散论》、《汉字谈趣》、《古汉语专题教程》等。
330    @a本书以东汉许慎的《说文解字》为特殊的科技文献,佐以先秦两汉典籍及后世之研究成果,用现代科学的分类方法,从天文学、农学、医学、数学、物理学、化学、地理等七个方面,对其进行了重新的梳理与归类、分析与论证。
461  0 @12001 @a汉字研究新视野丛书
605    @a说文解字@x研究
605    @2CT@3S903679@a说文解字
606 0  @a自然科学史@y中国@z古代
606 0  @2CT@3S099082@a自然科学史
690    @aH161@v4
690    @aN092@v4
701  0 @a王平@Awang ping@4著
801  0 @aCN@bNLC@c20070730
905    @a10447@dH161@e152
    
    《说文》与中国古代科技/王平著.-南宁:广西教育出版社,2001
    317页;21cm.-(汉字研究新视野丛书)
    国家“九五”重点图书
    
    ISBN 7-5435-3184-4(精装):CNY30.00
    本书以东汉许慎的《说文解字》为特殊的科技文献,佐以先秦两汉典籍及后世之研究成果,用现代科学的分类方法,从天文学、农学、医学、数学、物理学、化学、地理等七个方面,对其进行了重新的梳理与归类、分析与论证。
●
相关链接 在E读中查询图书 在五车中查询图书 在当当中查询图书 在豆瓣中查询图书


正题名:《说文》与中国古代科技     索取号:H161/152         预约/预借

序号 登录号 条形码 馆藏地/架位号 状态 备注
1 0784212   207842129   第二样本阅览室/ [索取号:H161/152] 在馆    
2 0784213   207842138   第四借阅区/ [索取号:H161/152] 在馆    
3 0784214   207842147   第四借阅区/ [索取号:H161/152] 在馆    
4 0784215   207842156   第四借阅区/ [索取号:H161/152] 在馆    
5 0785010   207850100   第四借阅区/ [索取号:H161/152] 在馆    
唐山师范学院图书馆 欢迎您!
大连网信软件有限公司© 版权所有